000 00978nam a2200301 i 4500
001 40041
003 KOSZ 005
005 20200214141749.0
008 010924s2000 pl f f |000 0 eng d
020 _a0130869112
040 _cKOSZ 005
_aKOSZ 005
_dKOSZ 005/HR
046 _k2000
080 _a004.438
080 _a(07)
100 1 _aLiang, Y. Daniel
_eAutor
245 1 0 _aIntroduction to Java programming with JBuilder 3 /
_cY. Daniel Liang.
260 _aUpper Saddle River :
_bPrentice Hall,
_c2000.
300 _aXXVI, 771 s. :
_bil. ;
_c24 cm +
_eCD ROM.
380 _aKsiążki
388 _a1901-2000
504 _aIndeks.
650 7 _aJava (język programowania)
650 7 _aJBuilder
658 _aInformatyka i technologie informacyjne
856 _uhttp://koha.tu.koszalin.pl/cgi-bin/koha/opac-detail.pl?biblionumber=40041
_yKatalog online BPK
942 _cKS
_2UKD
999 _c40041
_d40041